Psicología pedagógica

Salvato in:
Dettagli Bibliografici
Autore principale: Stossner, Arturo (Autore)
Natura: Libro
Lingua:spagnolo
Pubblicazione: Buenos Aires Losada 1944
Serie:Biblioteca Pedagógica, 12
Soggetti:
Tags: Aggiungi Tag
Nessun Tag, puoi essere il primo ad aggiungerne!!

MARC

LEADER 00000nam a2200000 a 4500
001 UCZ6521
003 CL-VaPUC
008 951211e19440000AG |||||||||||||||||spa|d
082 0 4 |a 370.15  |b STO  |2 21 
100 0 |a Stossner, Arturo  |e author  |9 350867 
245 1 0 |a Psicología pedagógica 
300 |a 325 p 
942 |c BK 
945 |d 19951211 00:00:00  |a cmena 
260 |a Buenos Aires  |b Losada  |c 1944 
650 0 |a Psicología educacional   |9 307830 
650 0 |a Motivación   |9 315362 
650 0 |a Aprendizaje   |9 254827 
650 0 |a Procesos de aprendizaje  |9 309161 
650 0 |a Inteligencia  |9 267038 
650 7 |a TESTS  |2 CL-VaPUC  |9 309359 
650 7 |a RELACION DOCENTE ALUMNO  |2 CL-VaPUC  |9 307734 
650 0 |a Trastornos del aprendizaje  |9 307969 
650 0 |a Trastornos del comportamiento  |9 311363 
583 |a last modification  |c 19951211 00:00:00  |k Rodrigo Vera 
490 0 |a Biblioteca Pedagógica, 12 
999 |c 242720  |d 242718 
952 |0 0  |1 0  |4 0  |6 370_150000000000000_STO_1944  |7 0  |8 P  |9 255850  |a BIBEDU  |b BIBEDU  |c BIBEDU_PB  |d 2019-11-19  |i 1604074  |o 370.15 STO 1944  |p 1604074  |r 2024-01-25  |w 2019-11-19  |y BK  |k EDU